000 00789cam a2200229 4500
001 ABS66238
008 021217n2002 000 0 eng u
035 _a(Sirsi) u120794
100 _aMynors, C
245 _aGetting to the root of the issue on tree regulation
260 _c2002
490 _aRICS Business
_v November/December 2002, 12(1)
520 _aReminder that trees cause problems due to defects and their position and that a surveyor's advice, regular inspection and good management will avoid acrimony and disputes.
590 _aABS
650 _aTREES
650 _aTREE MAINTENANCE
650 _aHEDGES
650 _aBoundary disputes
_96221
650 _aTOWN AND COUNTRY PLANNING (TREES) REGULATIONS 1999
690 _aBoundary disputes
_96221
942 _n0
999 _c71780
_d71780